Loading...
| Science - Physics | 0 | 3 | 1 | 1 | 25 | 76 | 91.67 | 0 | 0 | 7.17 | 14.83 |
| Fine Arts - Classical Music | 0 | 2 | 0 | 0 | 20 | 103 | 108.00 | 0 | 0 | 1.46 | 6.11 |
| Fine Arts - Other | 0 | 1 | 0 | 0 | 10 | 130 | 130.00 | 0 | 0 | 0.30 | 2.22 |
| Literature - British | 0 | 1 | 0 | 0 | 10 | 100 | 100.00 | 0 | 0 | 3.15 | 1.67 |
| Philosophy | 0 | 1 | 0 | 0 | 10 | 84 | 84.00 | 0 | 0 | 2.36 | 5.00 |
| Popular Culture | 0 | 1 | 0 | 0 | 10 | 13 | 13.00 | 1 | 1 | 30.05 | 33.33 |
| Science - Biology | 0 | 1 | 0 | 0 | 10 | 76 | 76.00 | 0 | 0 | 3.39 | 5.00 |
| Science - Chemistry | 0 | 1 | 0 | 1 | 10 | 122 | 122.00 | 0 | 0 | 0.00 | 1.00 |
| Fine Arts - Painting and Sculpture | 0 | 1 | 0 | 0 | 10 | 119 | 119.00 | 0 | 0 | 0.25 | 5.00 |
| Science - Other | 0 | 1 | 1 | 1 | 5 | 124 | 124.00 | 0 | 0 | 0.00 | 2.50 |